5HLuxD.jpg

KING HENRY VIII SENIOR AND PRIMARY SCHOOL LIBRARY OPAC

Leaving Paradise / (Record no. 98)

000 -LEADER
fixed length control field 01478cam a2200385 a 4500
001 - CONTROL NUMBER
control field 14617486
003 - CONTROL NUMBER IDENTIFIER
control field OSt
005 - DATE AND TIME OF LATEST TRANSACTION
control field 20190725153435.0
008 - FIXED-LENGTH DATA ELEMENTS--GENERAL INFORMATION
fixed length control field 061031s2007 mnu c 000 1 eng
010 ## - LIBRARY OF CONGRESS CONTROL NUMBER
LC control number 2006048818
020 ## - INTERNATIONAL STANDARD BOOK NUMBER
International Standard Book Number 9780738710181
020 ## - INTERNATIONAL STANDARD BOOK NUMBER
International Standard Book Number 0738710180
035 ## - SYSTEM CONTROL NUMBER
System control number (OCoLC)ocm84835503
035 ## - SYSTEM CONTROL NUMBER
System control number (OCoLC)84835503
037 ## - SOURCE OF ACQUISITION
Stock number 1265837
Source of stock number/acquisition QBI
040 ## - CATALOGING SOURCE
Original cataloging agency DLC
Transcribing agency DLC
Modifying agency QBX
042 ## - AUTHENTICATION CODE
Authentication code lcac
082 00 - DEWEY DECIMAL CLASSIFICATION NUMBER
Classification number FIC ELK
Edition number 22
100 1# - MAIN ENTRY--PERSONAL NAME
Personal name Elkeles, Simone.
Relator term author
245 10 - TITLE STATEMENT
Title Leaving Paradise /
Statement of responsibility, etc. Simone Elkeles.
250 ## - EDITION STATEMENT
Edition statement 10th anniversary ed.
260 ## - PUBLICATION, DISTRIBUTION, ETC.
Place of publication, distribution, etc. Woodbury, Minn. :
Name of publisher, distributor, etc. Flux,
Date of publication, distribution, etc. 2007.
300 ## - PHYSICAL DESCRIPTION
Extent 303 p. ;
Dimensions 21 cm.
520 ## - SUMMARY, ETC.
Summary, etc. In alternating chapters, seventeen-year-olds Caleb and Maggie relate the difficulties of readjusting to school, and changing relationships with family, friends, and one another, a year after a drunk driving accident sent her to the hospital with a crippling leg injury and him to prison.
650 #1 - SUBJECT ADDED ENTRY--TOPICAL TERM
Topical term or geographic name entry element People with disabilities
Form subdivision Fiction.
650 #1 - SUBJECT ADDED ENTRY--TOPICAL TERM
Topical term or geographic name entry element High schools
Form subdivision Fiction.
650 #1 - SUBJECT ADDED ENTRY--TOPICAL TERM
Topical term or geographic name entry element Schools
Form subdivision Fiction.
650 #1 - SUBJECT ADDED ENTRY--TOPICAL TERM
Topical term or geographic name entry element Family problems
Form subdivision Fiction.
650 #1 - SUBJECT ADDED ENTRY--TOPICAL TERM
Topical term or geographic name entry element Secrets
Form subdivision Fiction.
650 #1 - SUBJECT ADDED ENTRY--TOPICAL TERM
Topical term or geographic name entry element Old age
Form subdivision Fiction.
650 #1 - SUBJECT ADDED ENTRY--TOPICAL TERM
Topical term or geographic name entry element Self-actualization (Psychology)
Form subdivision Fiction.
906 ## - LOCAL DATA ELEMENT F, LDF (RLIN)
a 7
b cbc
c orignew
d 1
e ocip
f 20
g y-gencatlg
942 ## - ADDED ENTRY ELEMENTS (KOHA)
Source of classification or shelving scheme
Koha item type Books - Fiction
Holdings
Withdrawn status Lost status Source of classification or shelving scheme Damaged status Not for loan Collection code Permanent Location Current Location Shelving location Date acquired Total Checkouts Full call number Barcode Date last seen Date last checked out Price effective from Koha item type
          Fiction KH8 Senior School Library KH8 Senior School Library Fiction 2019-07-25 2 FIC ELK 3KHSL000101106 2025-06-05 2025-05-08 2019-07-25 Books - Fiction

Powered By KH8 IT Dept